Loading...
| History - European History | 0 | 2 | 0 | 0 | 20 | 122 | 125.00 | 0 | 0 |
| Religion | 0 | 2 | 1 | 1 | 15 | 107 | 119.50 | 0 | 1 |
| Mythology | 0 | 1 | 0 | 0 | 10 | 89 | 89.00 | 0 | 0 |
| Science - Physics | 0 | 1 | 0 | 0 | 10 | 108 | 108.00 | 0 | 0 |
| Social Science | 0 | 1 | 1 | 1 | 5 | 125 | 125.00 | 0 | 0 |
| Fine Arts - Painting and Sculpture | 0 | 1 | 1 | 0 | 5 | 81 | 81.00 | 0 | 0 |
| Literature - World Literature | 0 | 0 | 0 | 0 | 0 | 0.00 | 0 | 0 | |
| Literature - British Literature | 0 | 0 | 0 | 0 | 0 | 0.00 | 0 | 0 | |
| Fine Arts - Other Fine Arts | 0 | 1 | 2 | 0 | 0 | 131 | 131.00 | 0 | 0 |
| Fine Arts - Classical Music | 0 | 0 | 0 | 0 | 0 | 0.00 | 0 | 0 | |
| History - Other History | 0 | 0 | 1 | 0 | -5 | 0.00 | 0 | 0 | |
| Science - Chemistry | 0 | 0 | 1 | 0 | -5 | 0.00 | 0 | 0 | |
| Other Academic | 0 | 0 | 1 | 0 | -5 | 0.00 | 0 | 0 | |
| Philosophy | 0 | 0 | 2 | 0 | -10 | 0.00 | 0 | 0 | |
| Science - Other Science | 0 | 0 | 3 | 0 | -15 | 0.00 | 0 | 0 |